Communicative disorders related to cleft lip and palate /

Bibliographic Details
Other Authors: Bzoch, Kenneth R., Grabb, William C.
Format: Book
Language:English
Published: Boston : Little, Brown, 1979.
Edition:2d ed.
Subjects:

MARC

Tag First Indicator Second Indicator Subfields
LEADER 00000cam a2200000 i 4500
001 in00000094670
005 20150927110524.0
008 790814s1979 maua b 00100 eng d
010 |a  79087547  
020 |a 0316119369 
035 |a (OCoLC)05271750 
035 |9 AAL6541AM 
040 |a CNO  |c CNO  |d NOH  |d OCL  |d TXA  |d UtOrBLW 
049 |a TXAM  |c [1632039] 
090 |a RC429  |b .C6 1979 
245 0 0 |a Communicative disorders related to cleft lip and palate /  |c edited by Kenneth R. Bzoch ; foreword by Harold Westlake. 
250 |a 2d ed. 
264 1 |a Boston :  |b Little, Brown,  |c 1979. 
300 |a xv, 368 pages :  |b illustrations ;  |c 26 cm. 
336 |a text  |b txt  |2 rdacontent 
337 |a unmediated  |b n  |2 rdamedia 
338 |a volume  |b nc  |2 rdacarrier 
500 |a Previous edition entered under William C. Grabb. 
504 |a Includes bibliographies and index. 
650 0 |a Communicative disorders. 
650 0 |a Cleft lip. 
650 0 |a Cleft palate. 
700 1 |a Bzoch, Kenneth R. 
700 1 |a Grabb, William C. 
999 |a MARS 
999 f f |s bc8e88f3-e549-3b12-b0ad-8cb8ef81dec0  |i 631acec3-9ae4-37cd-b308-fd8b37a89a29  |t 0 
952 f f |p ric  |a Texas A&M University  |b Rellis Campus  |c Joint Library Facility  |d Remote Storage  |t 0  |e RC429 .C6 1979  |h Library of Congress classification  |i unmediated -- volume  |m A14805101109 
998 f f |a RC429 .C6 1979  |t 0  |l Remote Storage